Русский характер: рассказы, очерки, статьи; Отстоим Дон и Волгу! Отстоим Русь-матушку!; Русский характер; Черные дни гитлеровской армии; Солдатская слава; Бой на окраине; Гаубичная батарея; На Волге; На Мокрой Мечетке; Отец; Фронтовые друзья; В блиндаже командующего; Возмездие; До свидания, Сталинград!; Окоп; На Волжском берегу; Сталинградский плес; Рассказы о Сталинграде; Гибель командарма; Домик на Хлебной улице; Гарнизон "Рябины"; Огонь!; Возвращение

Dades bibliogràfiques
Idioma:rus
Publicat: Волгоград, Нижне-Волжское кн. изд-во, 1981
TOC:А. С. Серафимович, Отстоим Дон и Волгу! Отстоим Русь-матушку!;
Русский характер;
А. Толстой, Черные дни гитлеровской армии;
Солдатская слава;
К. М. Симонов, Бой на окраине;
К. Новоспасский, Гаубичная батарея;
В. Полторацкий, На Волге;
На Мокрой Мечетке;
Отец;
Фронтовые друзья;
В блиндаже командующего;
Возмездие;
В. Коротеев, До свидания, Сталинград!;
М. Н. Алексеев, Окоп;
Б. Полевой, На Волжском берегу;
Б. Зубавин, Сталинградский плес;
С. Алексеев, Рассказы о Сталинграде;
Г. Николаева, Гибель командарма;
М. Лобачев, Домик на Хлебной улице;
П. Шебунин, Гарнизон "Рябины";
Н. Атаров, Огонь!;
Б. Горбатов, Возвращение;
Col·lecció:Подвиг Сталинграда
Matèries:
Format: Llibre
KOHA link:https://koha.lib.tpu.ru/cgi-bin/koha/opac-detail.pl?biblionumber=150817

MARC

LEADER 00000nam0a2200000 4500
001 150817
005 20231101221520.0
020 |a RU  |b 85-37098 
035 |a (RuTPU)RU\TPU\book\163525 
090 |a 150817 
100 |a 20090114d1981 m y0rusy5003 ca 
101 0 |a rus 
102 |a RU 
105 |a a z 000ay 
200 1 |a Русский характер  |e рассказы, очерки, статьи 
210 |a Волгоград  |c Нижне-Волжское кн. изд-во  |d 1981 
215 |a 272 с.  |c ил. 
225 1 |a Подвиг Сталинграда 
464 |t Отстоим Дон и Волгу! Отстоим Русь-матушку!  |f А. С. Серафимович 
464 |t Русский характер 
464 |t Черные дни гитлеровской армии  |f А. Толстой 
464 |t Солдатская слава 
464 |t Бой на окраине  |f К. М. Симонов 
464 |t Гаубичная батарея  |f К. Новоспасский 
464 |t На Волге  |f В. Полторацкий 
464 |t На Мокрой Мечетке 
464 |t Отец 
464 |t Фронтовые друзья 
464 |t В блиндаже командующего 
464 |t Возмездие 
464 |t До свидания, Сталинград!  |f В. Коротеев 
464 |t Окоп  |f М. Н. Алексеев 
464 |t На Волжском берегу  |f Б. Полевой 
464 |t Сталинградский плес  |f Б. Зубавин 
464 |t Рассказы о Сталинграде  |f С. Алексеев 
464 |t Гибель командарма  |f Г. Николаева 
464 |t Домик на Хлебной улице  |f М. Лобачев 
464 |t Гарнизон "Рябины"  |f П. Шебунин 
464 |t Огонь!  |f Н. Атаров 
464 |t Возвращение  |f Б. Горбатов  |a Лобачев, М. 
606 1 |a Русская литература современная  |2 stltpush  |3 (RuTPU)RU\TPU\subj\26373  |9 50316 
610 0 |a советская литература 
610 0 |a рассказы 
610 0 |a очерки 
610 0 |a статьи 
610 0 |a сборники 
610 0 |a Сталинградская битва 
610 0 |a Великая Отечественная война 1941-1945 
610 0 |a военная проза 
675 |a Р2  |v 3 
801 0 |a RU  |b RuMRKP  |c 19950704  |g psbo 
801 1 |a RU  |b 63413507  |c 20090114  |g PSBO 
801 2 |a RU  |b 63413507  |c 20220127  |g PSBO 
942 |c BK